Quizzes
Events
Quiz Creation
Community
Videos
Private Events
Remove Ads
Sign In
Join for FREE
Feedback
Dark Mode
Quiz Categories
Sports
Geography
Music
Movies
Television
Just For Fun
Miscellaneous
History
Literature
Language
Science
Gaming
Entertainment
Religion
Holiday
For Kids
Quiz Lab
Recent
Popular Today
Quiz Kudos Today
Editor Picks
Curator Picks
Quizzes by...
Day
Popularity
Type
Ratings
Length
Year
Community
Subscriptions
Recent Discussions
Orange Saloon
Badges
Playlists
Quests
Create
Leaderboards
Showdown
Live 5
Trivia Bingo
Activity
Puzzle Library
Sporcle Events
Private Events
Virtual Trivia
Globe League
Become a Host
Pub Owners
SporcleCon
Opinionation
Our Games
Videos
Blog
Mobile Apps
Partnerships
Remove Ads and Go Orange
Feedback
Music
Pop Music
The Beatles
Song
Album
Lyrics
Bands
Singers
Artist
Clip
Rock
Rap
Classical
Billboard
Country Music
Kpop
Taylor Swift
Music
Pop Music
The Beatles
Song
Album
Lyrics
Bands
Singers
Artist
Clip
Rock
Rap
Classical
Billboard
Country Music
Kpop
Taylor Swift
Random Quiz
Search Sporcle
×
Quiz Lab
Quiz Lab
Music
Album
Type in answers that appear in a list
Type in answers that appear in a list
Classic
Best Score? Go Orange.
Pitchfork's Top 100 Albums of the 1980s Stats
Can you name the top 100 albums of the 1980s as ranked by Pitchfork?
By
papageno
15m
100 Questions
1,127 Plays
1,127 Plays
1,127 Plays
Comments
Comments
Give Quiz Kudos
Give Quiz Kudos
-
- Ratings
hide this ad
Replay
Link that replays current quiz
Next Quiz
Link to next quiz in quiz playlist
You Got
0%
They Got
Avg Score
45%
Avg Friend Score
Upgrade to see
Score Distribution
Jump to the score distribution portion of the page
Score
0/100
Timer
15:00
0
Plays Today
Artist
Album
% Correct
12. Prince & The Revolution
Purple Rain
92.4%
6. The Smiths
The Queen Is Dead
88.4%
27. Michael Jackson
Thriller
88.1%
1. Sonic Youth
Daydream Nation
85.4%
3. Beastie Boys
Paul's Boutique
85%
4. Pixies
Doolittle
84.8%
5. R.E.M.
Murmur
83.9%
30. U2
The Joshua Tree
83%
2. Talking Heads
Remain in Light
82.8%
7. Pixies
Surfer Rosa
82.7%
9. Public Enemy
It Takes a Nation of Millions to Hold Us Back
81.2%
35. N.W.A.
Straight Outta Compton
80.7%
10. Joy Division
Closer
80.1%
39. The Stone Roses
The Stone Roses
78.6%
59. Guns N' Roses
Appetite for Destruction
76%
8. Tom Waits
Rain Dogs
74.7%
38. The Cure
Disintegration
72.3%
85. Paul Simon
Graceland
71.7%
29. The Replacements
Let It Be
71.3%
55. The Police
Synchronicity
69.3%
45. Prince
Sign O' the Times
69.2%
36. Violent Femmes
Violent Femmes
68.8%
60. Bruce Springsteen
Nebraska
68.4%
41. Beastie Boys
Licensed to Ill
68.2%
23. The Jesus & Mary Chain
Psychocandy
65.9%
11. Tom Waits
Swordfishtrombones
65%
48. R.E.M.
Document
64.1%
37. The Replacements
Tim
60.5%
18. De La Soul
3 Feet High and Rising
60%
92. Kate Bush
Hounds of Love
57.4%
32. Hüsker Dü
Zen Arcade
56.3%
77. The Smiths
Strangeways, Here We Come
56.2%
14. Sonic Youth
Sister
55.7%
17. Minutemen
Double Nickels on the Dime
55.6%
Artist
Album
% Correct
95. Duran Duran
Rio
55.6%
28. New Order
Power, Corruption, & Lies
53.5%
52. Eric B. & Rakim
Paid in Full
53.2%
15. XTC
Skylarking
52.6%
19. Public Image Ltd.
Metal Box
51.1%
22. My Bloody Valentine
Isn't Anything
50.1%
25. Black Flag
Damaged
49.3%
43. Run-
DMC
Raising Hell
49.2%
62. R.E.M.
Reckoning
48.6%
68. Talking Heads
Stop Making Sense
48.6%
31. Sonic Youth
EVOL
48.5%
91. X
Los Angeles
47.9%
40. Dinosaur Jr.
You're Living All Over Me
46.5%
86. The Police
Ghost in the Machine
45%
34. Talk Talk
Spirit of Eden
44.5%
67. The Pogues
Rum, Sodomy, & The Lash
44.5%
13. The Fall
This Nation's Saving Grace
43%
94. Meat Puppets
Meat Puppets II
42.9%
71. The Replacements
Pleased to Meet Me
42.8%
90. Jane's Addiction
Nothing's Shocking
41.7%
87. Prince
Dirty Mind
41.2%
21. Brian Eno & David Byrne
My Life in the Bush of Ghosts
41%
57. Pixies
Come On Pilgrim
40.7%
58. Elvis Costello
Imperial Bedroom
40.4%
26. Evlis Costello & The Attractions
Get Happy!!
39.8%
80. Hüsker Dü
New Day Rising
39.6%
44. Kraftwerk
Computer World
39%
54. Big Black
Songs About ****
38.1%
16. Galaxie 500
On Fire
34%
49. Mission of Burma
Vs.
32.8%
46. XTC
English Settlement
32.7%
98. Cocteau Twins
Treasure
32.6%
51. Leonard Cohen
I'm Your Man
29.6%
33. The Fall
Hex Enduction Hour
29.2%
Artist
Album
% Correct
69. The Feelies
Crazy Rhythms
28.7%
56. King Crimson
Discipline
28%
78. They Might Be Giants
Lincoln
27.2%
83. Talk Talk
The Colour of Spring
26.6%
96. Rites of Spring
Rites of Spring
25.3%
70. Elvis Costello
Trust
24.9%
93. David Bowie
Scary Monsters (And Super Creeps)
24.1%
24. Gang of Four
Solid Gold
23.3%
20. This Heat
Deceit
22%
100. Minor Threat
Out of Step
22%
75. Boogie Down Productions
Criminal Minded
21.9%
65. The Soft Boys
Underwater Moonlight
21.5%
76. The dB's
Stands for Decibels
20.9%
53. Mission of Burma
Signals, Calls, & Marches
19.8%
42. The Cowboy Junkies
The Trinity Sessions
19.2%
63. Young Marble Giants
Colossal Youth
18.6%
50. Spacemen 3
The Perfect Prescription
18.2%
72. Meat Puppets
Up on the Sun
17.4%
81. Cocteau Twins
Blue Bell Knoll
17.2%
47. John Zorn
Naked City
16.8%
82. The Fall
Perverted by Language
15.6%
74. Mekons
Fear & Whiskey
14.9%
64. Television Personalities
...And Don't the Kids Just Love It
14.6%
88. Spacemen 3
Playing with Fire
13.6%
73. Coil
Horse Rotorvator
12%
97. Mekons
The Mekons Rock 'N' Roll
11.8%
99. Gang of Four
Songs of the Free
11.3%
66. The Dukes of Stratosphear
Psonic Psunspot
10.4%
79. Manuel Göttsching
E2-E4
10.4%
84. ESG
Come Away with ESG
9.8%
89. Boredoms
Soul Discharge
7.1%
61. Nurse with Wound
Homotopy to Marie
6.2%
Quiz Playlist
Details
Report
Send in Message
Add To Playlist
Classic:
Type in answers that appear in a list
Quiz Source
Last Updated: Feb 16, 2017
Quiz Scoreboard
CHALLENGE
Sign Up to Join the Scoreboard
Show All
Scores
Hide
Comments
May contain spoilers
Recently Published
1-10 Letter E Words III
by El_Dandy
Language
2m
One Thing in Common: World Cities II
by knightlancer
Geography
7m
Popular People in 1961
by mucciniale
History
6m
More to Explore
Quiz From the Vault
Featured Blog Post
Where Did the Easter Bunny Come From?
hide this ad
You Might Also Like...
Tags
Album Quiz
Artist Quiz
100
1980
pitchfork
Today's Top Quizzes in Music
Browse Music
hide this ad
Today's Top Quizzes in Album
Browse Album
Top Contributed Quizzes in Music
1
Taylor Swift All Songs (2024)
2
Taylor Swift Logic Puzzle
3
2010s Album by Cover III
4
Guess the Taylor Swift song (Mystery Song)
5
One Thing in Common: Music
6
Guess the Artist- 70s Songs
7
2010s Album by Cover IV
8
2010s Album by Cover V
9
Get the Picture: Carrie or Dolly
10
Lana Del Rey Discography (BTD to DYKTTATUOB)
Explore More
Trending Topics
Disney
Crossword
Anime
Harry Potter
NBA
Marvel
Kpop
Puzzle
The Office
Pokémon
NFL
WWE
Soccer
Song
Country
hide this ad
More By:
papageno
Quiz
Plays
Rating
Category
Featured
Created
Russia's Borders
254,473
4.71
Geography
Oct 5, 2009
Pitchfork's Top 100 Albums of the 1970s
1,739
4.20
Music
Sep 30, 2009
Pitchfork's Top 100 Albums of the 1990s
1,422
3.63
Music
Sep 30, 2009
Pitchfork's Top 100 Albums of the 1980s
1,127
4.80
Music
Sep 30, 2009
Top 100 British Films
793
4.67
Movies
Sep 30, 2009
Go to Creator's Profile
Score Distribution
Quiz Creator Spotlight
papageno
Follow
Send a Message
Quizzes Created
-
Created Quiz Play Count
-
More By This Creator
Popular Quizzes Today
1
Find the US States - No Outlines Minefield
2
The Countries of the World
3
Popular People in 1961
4
Find the Countries of Europe - No Outlines Minefield
5
1-10 Letter E Words III
6
Find the US States
7
One Thing in Common: World Cities II
8
US States
More Music Quizzes
Weezer Albums
Published
Trending Quizzes
1-10 Letter F Words
1-10 Letter G Words
Risky Map Clicking: Next State Alphabetically
1-10 Letter F Words II
Risky Map Clicking: States by Unique Starting Letters
Recently Updated
Leaping Animals
pecheneg
Reality TV Shows (A-Z)
bhenderson79
Rickey Henderson's Hall of Fame Teammates
pecheneg
Champions League XIs: Arsenal
pecheneg
Quick Pick: Celebrities in WWE's Hall of Fame
aduchscher
A-Z Keypad Blitz II
pecheneg
Multiple Oscar Actors
pecheneg
Mystery Phrase Blitz: Oscar 'Best Actors'
pecheneg
F. Scott Fitzgerald Novels
LTH
Pick 3 Villains
ddd62291
Trending Topics
Crossword
Anime
Harry Potter
Disney
Marvel
NBA
Kpop
NFL
The Office
WWE
Pokémon
Song
Soccer
Country
Puzzle
Your Account Isn't Verified!
In order to create a playlist on Sporcle, you need to verify the email address you used during registration. Go to your
Sporcle Settings
to finish the process.
Report this User
Report this user for behavior that violates our
Community Guidelines
.
Details:
Send Report
Go to the Sporcle.com Mobile Site →
Comments